000 00488nam a22001697a 4500
005 20251108175020.0
008 250721s9999 xx 000 0 ara d
082 1 4 _aم/213.46/سنن
245 1 0 _aسنن ابن ماجه /
264 1 _aالقاهرة :
_bجمعية المكنز الإسلامي،
300 _a2ج.
650 1 7 _aسنن ابن ماجة
650 1 7 _aكتب الحديث الستة
650 1 7 _aالحديث الشريف
942 _2ddc
_cREF
999 _c124002
_d124002